Online
Catalog

Un ciento de los mejores sonetos dominicanos / (Record no. 8827)

MARC details
000 -CABECERA
campo de control de longitud fija 01434nam a2200229 a 4500
001 - NÚMERO DE CONTROL
campo de control 000009063
005 - FECHA Y HORA DE LA ÚLTIMA TRANSACCIÓN
campo de control 20250204092150.0
008 - DATOS DE LONGITUD FIJA--INFORMACIÓN GENERAL
campo de control de longitud fija 090925s1977 dr r 000 p spa d
040 ## - FUENTE DE LA CATALOGACIÓN
Centro catalogador/agencia de origen DO-SdBNP
Lengua de catalogación spa
Centro/agencia transcriptor BNPHU
082 ## - NÚMERO DE LA CLASIFICACIÓN DECIMAL DEWEY
Número de clasificación RD861.08
Número de documento/Ítem C569m
245 03 - MENCIÓN DE TÍTULO
Título Un ciento de los mejores sonetos dominicanos /
Mención de responsabilidad, etc. Julio Jaime Julia ; prólogo Virgilio Hoepelman.
260 ## - PUBLICACIÓN, DISTRIBUCIÓN, ETC.
Lugar de publicación, distribución, etc. Santo Domingo :
Nombre del editor, distribuidor, etc. Taller,
Fecha de publicación, distribución, etc. 1977.
300 ## - DESCRIPCIÓN FÍSICA
Extensión 2v. ;
Dimensiones 23 cm.
505 2# - NOTA DE CONTENIDO CON FORMATO
Información miscelánea v.1
Título Mención de honor --
-- Advertencia --
-- Prólogo en dos etapas I --
Mención de responsabilidad Porfirio Herrera --
-- José Audilio Santana --
-- Federico Bermúdez --
-- Osvaldo Bazil --
-- Emilio A. Morel --
-- Virgilio Martínez Reina --
-- Baldemaro Rijo --
-- Ramón Emilio Jiménez --
-- Víctor Garrido --
-- Primitivo Herrera --
-- Julio A. Piñeyro --
-- Rafael Emilio Santana --
Información miscelánea v. 2
Título Prólogo en dos etapas II --
Mención de responsabilidad Juan Goico Alix --
-- Furcy J. Pichardo --
-- Tirso A. Valdéz --
-- Féliz Servio Ducoudray --
-- Ricardo Pérez Alfonseca --
-- Juan Bautista Lamarche --
-- Emilio García Godoy --
-- Vigilio Díaz Ordóñez --
-- Julio B. de Windt Lavandier --
-- Manuel E. Suncar Chevalier --
-- Julio A. Cuello --
-- Antonio Valdéz H.
590 ## - NOTA LOCAL (RLIN)
Nota local Inventariado, 2018/BT
650 #4 - PUNTO DE ACCESO ADICIONAL DE MATERIA--TÉRMINO DE MATERIA
Término de materia o nombre geográfico como elemento de entrada Sonetos dominicanos
9 (RLIN) 10208
650 #0 - PUNTO DE ACCESO ADICIONAL DE MATERIA--TÉRMINO DE MATERIA
Término de materia o nombre geográfico como elemento de entrada Poesía dominicana
9 (RLIN) 66
650 #0 - PUNTO DE ACCESO ADICIONAL DE MATERIA--TÉRMINO DE MATERIA
Término de materia o nombre geográfico como elemento de entrada Literatura dominicana.
9 (RLIN) 67
700 1# - PUNTO DE ACCESO ADICIONAL--NOMBRE DE PERSONA
Nombre de persona Julia, Julio Jaime
Fechas asociadas al nombre 1922-1993
9 (RLIN) 20185
700 12 - PUNTO DE ACCESO ADICIONAL--NOMBRE DE PERSONA
Nombre de persona Hoepelman, Virgilio,
Término indicativo de función/relación pról.
9 (RLIN) 11257
910 ## - DATOS DE OPCIÓN DEL USUARIO (OCLC)
Datos de opción del usuario Validado. Control de calidad. MFF
Holdings
Estado de retiro Estado de pérdida No para préstamo Código de colección Localización permanente Ubicación/localización actual Ubicación en estantería Fecha de adquisición Número de inventario Total de préstamos Signatura topográfica completa Código de barras Fecha visto por última vez Precio válido a partir de Tipo de ítem Koha Nota pública
    Excluido de préstamo Patrimonio Dominicano Patrimonio Dominicano Patrimonio Dominicano Depósito 25.09.2009 LF1   v. 1 9063-10 25.06.2020 25.06.2020 Libro y Folleto Colección Patrimonio Dominicano  
    Excluido de préstamo Patrimonio Dominicano Patrimonio Dominicano Patrimonio Dominicano Depósito 19.04.2010 LF1   v. 1, e. 2 9063-20 25.06.2020 25.06.2020 Libro y Folleto Colección Patrimonio Dominicano  
    Excluido de préstamo Patrimonio Dominicano Patrimonio Dominicano Patrimonio Dominicano Depósito 14.05.2018 LF1   v. 2 9063-40 25.06.2020 25.06.2020 Libro y Folleto Colección Patrimonio Dominicano Perteneció a la biblioteca personal de Bárbara Suncar.
    Excluido de préstamo Patrimonio Dominicano Patrimonio Dominicano Patrimonio Dominicano Depósito 20.03.2019 LF1   v. 2, e. 2 9063-50 25.06.2020 25.06.2020 Libro y Folleto Colección Patrimonio Dominicano  

Powered by Koha